MARC

LEADER 00000nam0a2200000 4500
001 51511
005 20231101211320.0
035 |a (RuTPU)RU\TPU\book\53934 
090 |a 51511 
100 |a 20030505d1976 k y0rusy50 ca 
101 0 |a rus 
102 |a RU 
105 |a a z 001zy 
200 1 |a Тепловые схемы и оборудование энергетических блоков  |f Е. М. Левин, А. В. Шварц 
210 |a Москва  |c Энергия  |d 1976 
215 |a 94 с.  |c ил. 
225 1 |a Библиотека тепломонтажника 
320 |a Библиогр.: с. 91-92. 
606 1 |a Тепловые электрические станции  |x Оборудование  |2 stltpush  |3 (RuTPU)RU\TPU\subj\59626  |9 77136 
610 1 |a теплотехника 
610 1 |a тепловые электростанции 
610 1 |a теплосиловое оборудование 
610 1 |a пуск 
610 1 |a ТЭС 
610 1 |a схемы 
610 1 |a энергетические ресурсы 
610 1 |a мощность 
675 |a 621.311.22.002.5  |v 3 
700 1 |a Левин  |b Е. М.  |g Ефим Маркович 
701 1 |a Шварц  |b А. В.  |g Аркадий Вольфович 
801 1 |a RU  |b 63413507  |c 20030505  |g PSBO 
801 2 |a RU  |b 63413507  |c 20201014  |g PSBO 
942 |c BK